000 00407nam a22001457a 4500
005 20250213110120.0
008 250213b |||||||| |||| 00| 0 eng d
020 _a9788176486750
050 _aHF5686.C8
_bRED
100 _aReddy, Jayaprakash R.
245 _aAdvanced cost and management accounting
260 _aNew Delhi
_bA. P. H. Publishing Corporation
_cc2004
300 _ax, 134p
942 _2lcc
_cBK
_n0
999 _c3830
_d3830